[Event "2. Arberseniorencup 2014"]
[Site "Bayerisch Eisenstein"]
[Date "2014.08.16"]
[Round "1.1"]
[White "Gervinskas-Wagner, Vidmant"]
[Black "Winiwarter, Felix"]
[Result "0-1"]
[WhiteElo "1896"]
[BlackElo "2149"]
[PlyCount "52"]
[EventDate "2014.08.16"]
[WhiteTeam "SK Freising"]
[BlackTeam "Sgm Voest Krems"]

1. d4  Nf6 2. c4 c5 3. e3 g6 4. Nf3 Bg7 5. Nc3 O-O 6. Bd3 cxd4
7. exd4 d5 8. Be3 Nc6 9. cxd5 Nxd5 10. Qb3 e6 11. O-O b6 12. Nxd5 exd5 13. Rac1
Qd6 14. Be2 Bd7 15. a3 Rac8 16. Rfd1 Bg4 17. Qa4 Bxf3 18. gxf3 Ne7 19. Rc3 Qf6
20. Ba6 Rcd8 21. Be2 Nf5 22. Qc2 Nh4 23. Rc1 Rfe8 24. Rc7 Nxf3+ 25. Bxf3 Qxf3
26. Rxa7 Re4 0-1

[Event "2. Arberseniorencup 2014"]
[Site "Bayerisch Eisenstein"]
[Date "2014.08.16"]
[Round "1.2"]
[White "Kanewski, Josef"]
[Black "Svoboda, Jaroslav"]
[Result "1-0"]
[WhiteElo "2084"]
[BlackElo "1599"]
[PlyCount "92"]
[EventDate "2014.08.16"]
[WhiteTeam "SK Weiden 1907"]

1. d4  d5 2. c4 c6 3. Nf3 Nf6 4. cxd5 cxd5 5. Nc3 g6 6. Bg5 Bg7
7. e3 a6 8. Qb3 Nbd7 9. Nxd5 Nxd5 10. Qxd5 O-O 11. Be2 h6 12. Bh4 g5 13. Bg3 e6
14. Qb3 Nf6 15. Rc1 Qa5+ 16. Kf1 Ne4 17. Bc7 Qf5 18. h3 Bd7 19. g4 Qd5 20. Qxd5
exd5 21. Kg2 f5 22. gxf5 Rxf5 23. Rhf1 Raf8 24. Bg3 h5 25. h4 g4 26. Nh2 R5f6
27. Rc2 Bh6 28. Bd3 Nxg3 29. Kxg3 R8f7 30. Re2 Bf8 31. f4 gxf3 32. Rxf3 Bd6+
33. Kg2 Rg7+ 34. Kh1 Rxf3 35. Nxf3 Bg4 36. Rf2 Bg3 37. Rf1 Bxf3+ 38. Rxf3 Bxh4
39. Rh3 Bg5 40. Rxh5 Bxe3 41. Rxd5 b5 42. a4 Rg1+ 43. Kh2 Rd1 44. axb5 Rxd3 45.
bxa6 Rxd4 46. a7 Rxd5 1-0

[Event "2. Arberseniorencup 2014"]
[Site "Bayerisch Eisenstein"]
[Date "2014.08.16"]
[Round "1.3"]
[White "Sagner, Günter"]
[Black "Block, Wolfgang"]
[Result "0-1"]
[WhiteElo "1688"]
[BlackElo "2074"]
[PlyCount "64"]
[EventDate "2014.08.16"]
[WhiteTeam "SC Bw Regen/Zwiesel e.V."]
[BlackTeam "DJK Aufwärts St. Josef Aachen 19"]

1. d4  Nf6 2. c4 g6 3. Nc3 Bg7 4. e4 d6 5. Nf3 O-O 6. Be2 e5 7.
d5 Nbd7 8. Be3 Ng4 9. Qd2 Nxe3 10. Qxe3 a5 11. O-O Nc5 12. Ne1 f5 13. Nd3 b6
14. Nxc5 bxc5 15. f3 Bd7 16. Nb5 Bxb5 17. cxb5 Qh4 18. a3 Bh6 19. Qc3 fxe4 20.
g3 Qh5 21. g4 Qh4 22. fxe4 Bf4 23. Rf2 Qg5 24. Kh1 Bd2 25. Rxf8+ Rxf8 26. Qh3
Bc1 27. Qc3 Rf2 28. Qxc1 Qh4 29. Qg1 Rxe2 30. Rf1 Rxe4 31. Rf2 Rxg4 32. Qf1 Rf4
0-1

[Event "2. Arberseniorencup 2014"]
[Site "Bayerisch Eisenstein"]
[Date "2014.08.16"]
[Round "1.4"]
[White "Titz, Herbert"]
[Black "Kiefer, Herbert"]
[Result "0-1"]
[WhiteElo "1987"]
[BlackElo "1872"]
[PlyCount "90"]
[EventDate "2014.08.16"]
[WhiteTeam "Austria Wien"]
[BlackTeam "SC Ansbach 1855 e.V."]

1. e4 c5 2. Nf3 d6 3. d4 cxd4 4. Nxd4 Nf6 5. Bd3 a6 6. c4 Nc6 7. Nc2 g6 8. Nc3
Bg7 9. O-O O-O 10. Rb1 Ne5 11. Ne3 Rb8 12. b3 Nfd7 13. Bb2 Nc5 14. Be2 Nc6 15.
Bd3 Nb4 16. Bc2 Bd7 17. a3 Nc6 18. Ne2 Bxb2 19. Rxb2 b5 20. Nd4 bxc4 21. Nxc4
Nxd4 22. Qxd4 Ne6 23. Qd2 Bb5 24. Bd3 Nc5 25. Rd1 Qc7 26. Rc1 Rfc8 27. f3 Nxd3
28. Qxd3 Qc5+ 29. Rf2 Qa7 30. Kf1 Rd8 31. Ke1 e6 32. Qe3 Qe7 33. g3 d5 34. exd5
Rxd5 35. a4 Be8 36. Rb2 Rbd8 37. Rd2 Qb4 38. Qc3 Qc5 39. Kd1 Rxd2+ 40. Nxd2
Qg1+ 41. Kc2 Qxh2 42. Rd1 Qe2 43. Rh1 e5 44. Rh4 Bd7 45. g4 Rc8 0-1

[Event "2. Arberseniorencup 2014"]
[Site "Bayerisch Eisenstein"]
[Date "2014.08.16"]
[Round "1.5"]
[White "Klimpel, Siegfried"]
[Black "Tomanek, Rafael"]
[Result "1/2-1/2"]
[WhiteElo "1868"]
[BlackElo "1946"]
[PlyCount "76"]
[EventDate "2014.08.16"]
[WhiteTeam "TSV Kareth-Lappersdorf"]
[BlackTeam "SK Doprastav Bratislava"]

1. e4  c6 2. d4 d5 3. exd5 cxd5 4. Bd3 Nc6 5. c3 Nf6 6. Bf4 Qb6
7. Qb3 Qxb3 8. axb3 Bg4 9. b4 Nh5 10. Bd2 g6 11. b5 Nd8 12. Nf3 Bxf3 13. gxf3
e6 14. Na3 Bg7 15. Nc2 O-O 16. Nb4 Re8 17. O-O Bf8 18. Nc2 Bd6 19. Rfe1 Kg7 20.
Bf1 Re7 21. Bg5 Rd7 22. Bh4 h6 23. Bg3 Nxg3 24. fxg3 f5 25. Kg2 Kf6 26. Ne3 b6
27. h3 h5 28. Re2 Rc8 29. c4 f4 30. gxf4 Bxf4 31. cxd5 exd5 32. Rc2 Rxc2+ 33.
Nxc2 Rc7 34. Nb4 Ke6 35. Ra2 Kd6 36. Kf2 Bh2 37. Bd3 g5 38. Bg6 h4 1/2-1/2

[Event "2. Arberseniorencup 2014"]
[Site "Bayerisch Eisenstein"]
[Date "2014.08.16"]
[Round "1.7"]
[White "Tveten, Per"]
[Black "Gerl, Hans"]
[Result "0-1"]
[WhiteElo "1578"]
[BlackElo "2046"]
[PlyCount "58"]
[EventDate "2014.08.16"]
[BlackTeam "SK Zirndorf e.V."]

1. e4 c5 2. Nf3 d6 3. c4 Nc6 4. d3 g6 5. g3 Bg7 6. Bg2 Nf6 7. h3 e6 8. O-O O-O
9. Nc3 a6 10. Bd2 Qc7 11. Qc1 Nb4 12. Ne1 Re8 13. a3 Nc6 14. Bh6 Bh8 15. Rb1 b6
16. f4 Bb7 17. f5 exf5 18. exf5 Nd4 19. Qg5 Bxg2 20. Kxg2 Qb7+ 21. Kh2 Re5 22.
g4 Rae8 23. Qf4 Rxe1 24. Rbxe1 Rxe1 25. Qxd6 Nxg4+ 26. hxg4 Be5+ 27. Kh3 Bxd6
28. Rxe1 Qf3+ 29. Kh4 Bg3+ 0-1

[Event "2. Arberseniorencup 2014"]
[Site "Bayerisch Eisenstein"]
[Date "2014.08.16"]
[Round "1.8"]
[White "Riedl, Maximilian"]
[Black "Kühnl, Bernd"]
[Result "0-1"]
[WhiteElo "2005"]
[BlackElo "1821"]
[PlyCount "114"]
[EventDate "2014.08.16"]
[WhiteTeam "SC Furth im W./Waldmünch"]
[BlackTeam "VfL 1990 Gera"]

1. e4  d6 2. Nf3 e5 3. Bc4 Nc6 4. O-O Na5 5. Be2 Nf6 6. c3 Nc6
7. Qc2 Bg4 8. b4 g6 9. b5 Ne7 10. d4 Bxf3 11. Bxf3 exd4 12. cxd4 Bg7 13. Nc3
O-O 14. Bb2 h5 15. Rad1 Nh7 16. Bc1 Rc8 17. Qa4 c5 18. Ne2 Qc7 19. Be3 b6 20.
Rc1 Qd7 21. dxc5 dxc5 22. Rfd1 Qc7 23. g3 Rcd8 24. Qc2 Rxd1+ 25. Rxd1 Rd8 26.
Bg2 Qc8 27. a4 Kf8 28. h4 Ke8 29. Rxd8+ Qxd8 30. Bh3 Nc8 31. Nf4 Ne7 32. Qe2
Nf6 33. e5 Nfd5 34. e6 f5 35. Nxh5 Bh8 36. Nf4 Nc3 37. Qf1 Qd1 38. h5 Qxf1+ 39.
Kxf1 gxh5 40. Nxh5 Nxa4 41. Bg5 Nc3 42. Nf4 Nxb5 43. Bg2 Bd4 44. Bxe7 Kxe7 45.
Bc6 Nc7 46. Bd7 Kd6 47. Ke2 Be5 48. Nd3 Nxe6 49. Bc8 a5 50. Kd1 a4 51. Ba6 Kd5
52. f4 Bd4 53. Kc2 c4 54. Bb7+ Kd6 55. Nc1 Nc5 56. Bc8 Ne6 57. Ne2 Bf2 0-1

[Event "2. Arberseniorencup 2014"]
[Site "Bayerisch Eisenstein"]
[Date "2014.08.16"]
[Round "1.9"]
[White "Reichert, Rudolf"]
[Black "Slacik, Johann"]
[Result "0-1"]
[WhiteElo "1845"]
[BlackElo "1864"]
[PlyCount "90"]
[EventDate "2014.08.16"]
[BlackTeam "ESV Westbahn Linz"]

1. e4  e5 2. Bc4 d6 3. d3 Nc6 4. Be3 Na5 5. Bb3 Nxb3 6. axb3
Nf6 7. h3 b6 8. Nc3 Bb7 9. Nge2 d5 10. Bg5 Bb4 11. O-O d4 12. Na2 Be7 13. Ng3
h6 14. Bd2 Nh7 15. Nf5 O-O 16. Qg4 Bg5 17. f4 Nf6 18. Qf3 exf4 19. Bxf4 Bxf4
20. Qxf4 Kh7 21. Ng3 Qe7 22. Nc1 c5 23. Nce2 a5 24. Nf5 Rad8 25. g4 Ng8 26. h4
g6 27. Nfg3 Bc8 28. g5 Qd7 29. Kh1 Qe6 30. Kg1 Qg4 31. Qxg4 Bxg4 32. Nf4 Ne7
33. Rf2 h5 34. Raf1 Nc6 35. Nd5 Rb8 36. Rf6 Be6 37. Nf4 Nd8 38. Kh2 Kg7 39. Rg1
Rh8 40. Re1 Re8 41. Rf1 Rb7 42. e5 Bg4 43. Ne4 Bf5 44. Ng3 Be6 45. Nfxh5+ Kg8
0-1

[Event "2. Arberseniorencup 2014"]
[Site "Bayerisch Eisenstein"]
[Date "2014.08.16"]
[Round "1.10"]
[White "Gaug, Herbert"]
[Black "Hedzic, Omer"]
[Result "1-0"]
[WhiteElo "1856"]
[BlackElo "1622"]
[PlyCount "97"]
[EventDate "2014.08.16"]
[WhiteTeam "SC Wolfsberg"]
[BlackTeam "SC Bw Regen/Zwiesel e.V."]

1. d4 d5 2. c4 dxc4 3. Nc3 e6 4. e3 a6 5. a4 Nf6 6. Bxc4 Bd6 7. Nf3 h6 8. O-O
c6 9. e4 Be7 10. h3 Nbd7 11. Bf4 Nf8 12. Qe2 Ng6 13. Bh2 O-O 14. Rfd1 Ne8 15.
Bd3 Nc7 16. Kh1 Bd7 17. Ne5 Nxe5 18. Bxe5 Ne8 19. Bc2 f6 20. Bf4 g5 21. Bg3 Ng7
22. f4 Be8 23. Qd3 Nh5 24. fxg5 fxg5 25. e5 Nxg3+ 26. Qxg3 Rf7 27. Qg4 Qd7 28.
Bb3 Kg7 29. Bxe6 Qd8 30. Bxf7 Bxf7 31. e6 Bg6 32. d5 Qe8 33. d6 Bf6 34. Re1 Bh5
35. Qb4 b5 36. axb5 cxb5 37. Nd5 a5 38. Rxa5 Rxa5 39. Qxa5 Bxb2 40. Qc7+ Kg8
41. d7 Qa8 42. d8=Q+ Qxd8 43. Qxd8+ Kg7 44. Qe7+ Kh8 45. Nf6 Bxf6 46. Qxf6+ Kg8
47. Qe7 g4 48. Rf1 gxh3 49. Rf8# 1-0

[Event "2. Arberseniorencup 2014"]
[Site "Bayerisch Eisenstein"]
[Date "2014.08.16"]
[Round "1.11"]
[White "Mosler, Ernst"]
[Black "Ketzscher, Roland"]
[Result "0-1"]
[WhiteElo "1693"]
[BlackElo "2028"]
[PlyCount "110"]
[EventDate "2014.08.16"]
[WhiteTeam "SV Wettstetten e.V."]
[BlackTeam "TSV IFA Chemnitz"]

1. e4  e6 {[%eval 0,0] [%emt 0:00:00]} 2. d4 d5 3. e5 c5 4. c3
Bd7 5. Nf3 Qb6 6. Bd3 Bb5 7. O-O Nc6 8. Bxb5 Qxb5 9. Qb3 Qxb3 10. axb3 cxd4 11.
cxd4 Nge7 12. Nc3 Ng6 13. Be3 Be7 14. Rfc1 O-O 15. Ne2 Rfc8 16. Bg5 Bf8 17. Bd2
a6 18. Rc2 Na7 19. Rac1 Rxc2 20. Rxc2 Rc8 21. Rxc8 Nxc8 22. Ne1 Na7 23. Nd3 Nc6
24. b4 b6 25. g3 Nge7 26. g4 Nc8 27. f4 g6 28. h3 N8a7 29. Kf1 Nb5 30. Bc3 Be7
31. g5 Kf8 32. Kf2 Bd8 33. Ke3 Kg7 34. Ng3 h5 35. h4 Be7 36. Ne2 Kf8 37. Nec1
Ke8 38. Nb3 Bf8 39. Nd2 Ne7 40. Nf3 Nf5+ 41. Kd2 Kd7 42. Kc1 Kc6 43. Kb1 Na7
44. Ka2 Kb5 45. Kb3 Nc6 46. Kc2 Bxb4 47. Nxb4 Nxb4+ 48. Kb3 Nc6 49. Kc2 a5 50.
b3 Nb4+ 51. Kb1 a4 52. Bd2 a3 53. Bc1 a2+ 54. Kb2 Nd3+ 55. Kxa2 Nxc1+ 0-1

[Event "2. Arberseniorencup 2014"]
[Site "Bayerisch Eisenstein"]
[Date "2014.08.16"]
[Round "1.12"]
[White "Zilch, Lothar"]
[Black "Glatz, Volker"]
[Result "1-0"]
[WhiteElo "1931"]
[BlackElo "1196"]
[PlyCount "85"]
[EventDate "2014.08.16"]
[WhiteTeam "SV Alsfeld"]
[BlackTeam "SC Bw Regen/Zwiesel e.V."]

1. Nf3 d6 2. d4 Nf6 3. c4 g6 4. Nc3 Bg7 5. g3 O-O 6. Bg2 Re8 7. O-O b6 8. Ne5
dxe5 9. Bxa8 exd4 10. Nb5 Bh3 11. Bg2 Bxg2 12. Kxg2 Nc6 13. e3 d3 14. Qf3 Qd7
15. Bd2 e5 16. e4 a6 17. Nc3 Nd4 18. Qxd3 c5 19. Rad1 Qc6 20. Nd5 h6 21. f3 Nd7
22. Be3 Qe6 23. Nc7 Qe7 24. Nxe8 Qxe8 25. b3 Qe6 26. Qd2 Kh7 27. Rb1 f5 28.
exf5 Nxf5 29. Rbd1 Nd4 30. Rfe1 Qf5 31. Bxd4 cxd4 32. b4 h5 33. Qd3 Qf7 34. a4
Bf8 35. Rb1 Bd6 36. Rec1 Kh6 37. Qe4 Nb8 38. Rc2 Qd7 39. Qd5 Qxa4 40. Rcb2 Qd7
41. c5 bxc5 42. bxc5 Bxc5 43. Qxc5 1-0

[Event "2. Arberseniorencup 2014"]
[Site "Bayerisch Eisenstein"]
[Date "2014.08.16"]
[Round "1.13"]
[White "Pohl, Rolf-Dieter"]
[Black "Zerweck, Christoph"]
[Result "0-1"]
[WhiteElo "1000"]
[BlackElo "1881"]
[PlyCount "58"]
[EventDate "2014.08.16"]
[WhiteTeam "SC Vaterstetten-Grasbrunn"]
[BlackTeam "SV Herrenberg e.V."]

1. d4  Nf6 2. c4 g6 3. Nc3 Bg7 4. Bg5 O-O 5. e3 d6 6. Bd3 Nbd7
7. Nge2 c6 8. f3 Qa5 9. Bxf6 Nxf6 10. Qc2 e5 11. O-O-O Bd7 12. Kb1 b5 13. Ne4
Nxe4 14. fxe4 Bh6 15. d5 c5 16. cxb5 Bxb5 17. Bxb5 Qxb5 18. Nc3 Qb4 19. a3 Qa5
20. Rde1 Rab8 21. Ka2 Rb7 22. Re2 Rfb8 23. a4 Rxb2+ 24. Qxb2 Rxb2+ 25. Rxb2
Qxc3 26. Rhb1 Bxe3 27. Rb8+ Kg7 28. Rd8 Bc1 29. Rdb8 Qa3# 0-1

[Event "2. Arberseniorencup 2014"]
[Site "Bayerisch Eisenstein"]
[Date "2014.08.17"]
[Round "2.1"]
[White "Winiwarter, Felix"]
[Black "Gaug, Herbert"]
[Result "1-0"]
[WhiteElo "2149"]
[BlackElo "1856"]
[PlyCount "107"]
[EventDate "2014.08.16"]
[WhiteTeam "Sgm Voest Krems"]
[BlackTeam "SC Wolfsberg"]

1. e4  c6 2. d4 d5 3. exd5 cxd5 4. c4 Nf6 5. Nc3 Nc6 6. h3 e6
7. Nf3 Bb4 8. a3 Bxc3+ 9. bxc3 Ne4 10. Bd3 Nxc3 11. Qc2 dxc4 12. Bxc4 Nd5 13.
O-O Nb6 14. Ba2 h6 15. Bb2 O-O 16. Rad1 Nd5 17. Bb1 f5 18. Rfe1 Bd7 19. Ba2 Rc8
20. Qe2 Qf6 21. Ne5 Nxe5 22. dxe5 Qg6 23. Bxd5 exd5 24. f4 Qe6 25. Qf3 Bc6 26.
Bd4 a6 27. Kh2 Kh7 28. Rg1 g6 29. Rd2 Rf7 30. g3 Rg8 31. Rdg2 Rd7 32. g4 Rdg7
33. Qg3 Rf7 34. Qh4 Bd7 35. g5 h5 36. Rc2 Bb5 37. Rgc1 Bc4 38. Bc5 b5 39. Qf2
Rb8 40. Bd6 Rbb7 41. Qd2 Rb6 42. Qb4 Rc6 43. Re1 Rd7 44. Rcc1 d4 45. a4 d3 46.
axb5 axb5 47. Ra1 Rb7 48. Ra8 Qd5 49. Qa5 Qf3 50. Rh8+ Kg7 51. Rg8+ Kf7 52. e6+
Bxe6 53. Rf8+ Kg7 54. Qa1+ 1-0

[Event "2. Arberseniorencup 2014"]
[Site "Bayerisch Eisenstein"]
[Date "2014.08.17"]
[Round "2.2"]
[White "Ketzscher, Roland"]
[Black "Kanewski, Josef"]
[Result "1/2-1/2"]
[WhiteElo "2028"]
[BlackElo "2084"]
[PlyCount "72"]
[EventDate "2014.08.16"]
[WhiteTeam "TSV IFA Chemnitz"]
[BlackTeam "SK Weiden 1907"]

1. d4  f5 2. Nf3 Nf6 3. g3 g6 4. Bg2 Bg7 5. O-O O-O 6. c4 d6 7.
Nc3 Nc6 8. d5 Na5 9. Qd3 e5 10. Nd2 e4 11. Qc2 c5 12. Nd1 b5 13. Ne3 Ba6 14.
Rd1 bxc4 15. Ndxc4 Nxc4 16. Nxc4 Ng4 17. h3 Ne5 18. Nxe5 Bxe5 19. Rb1 Rb8 20.
Bf1 Qf6 21. e3 Bxf1 22. Kxf1 g5 23. b3 Qh6 24. Kg2 Qh5 25. Bb2 Bxb2 26. Rxb2
Rf6 27. Qe2 Qe8 28. Rh1 Qe5 29. Rd2 f4 30. exf4 gxf4 31. gxf4 Rxf4 32. Rg1 Kh8
33. Kh1 Rf3 34. Qf1 Qf5 35. Qa1+ Qf6 36. Qxf6+ Rxf6 1/2-1/2

[Event "2. Arberseniorencup 2014"]
[Site "Bayerisch Eisenstein"]
[Date "2014.08.17"]
[Round "2.3"]
[White "Block, Wolfgang"]
[Black "Zilch, Lothar"]
[Result "1-0"]
[WhiteElo "2074"]
[BlackElo "1931"]
[PlyCount "139"]
[EventDate "2014.08.16"]
[WhiteTeam "DJK Aufwärts St. Josef Aachen 19"]
[BlackTeam "SV Alsfeld"]

1. d4  Nf6 2. c4 d6 3. Nf3 Nbd7 4. Nc3 e5 5. Bg5 Be7 6. g3 c6
7. e4 O-O 8. Bg2 h6 9. Bxf6 Bxf6 10. d5 c5 11. O-O Nb6 12. Qd3 Be7 13. Nd2 g5
14. a3 a5 15. Qe2 Bd7 16. g4 Qc8 17. f3 a4 18. Rfb1 Qc7 19. Nf1 Qb8 20. Ne3 Kh7
21. Bf1 Rh8 22. Qg2 Ra6 23. Bd3 Kg7 24. Kf2 Rh7 25. Nf5+ Bxf5 26. exf5 f6 27.
h4 Ra8 28. Rh1 gxh4 29. Rxh4 Qa7 30. Nb5 Qa5 31. Ke2 Rc8 32. Rah1 Nxd5 33. cxd5
c4 34. Nc3 cxd3+ 35. Kxd3 Qa6+ 36. Kc2 Qb5 37. Qd2 Qb3+ 38. Kb1 Rch8 39. Qc2
Qxc2+ 40. Kxc2 Rc8 41. Kb1 Rc4 42. Rc1 Rh8 43. Rhh1 Rhc8 44. Nxa4 Rxc1+ 45.
Rxc1 Rxc1+ 46. Kxc1 h5 47. Kd2 hxg4 48. fxg4 Bd8 49. Ke3 Kf7 50. Kf3 Ke7 51.
Kg3 Bc7 52. Nc3 Bb6 53. Ne4 Be3 54. b3 Bc1 55. a4 Ba3 56. Kh4 Kf7 57. g5 fxg5+
58. Kxg5 Bc1+ 59. Kg4 Ba3 60. Ng5+ Kf6 61. Ne6 b6 62. Nf8 Ke7 63. Nh7 Bc1 64.
f6+ Kf7 65. Kf5 Bd2 66. Ng5+ Ke8 67. Ne4 Bb4 68. Ke6 Kf8 69. f7 Ba3 70. Nf6 1-0

[Event "2. Arberseniorencup 2014"]
[Site "Bayerisch Eisenstein"]
[Date "2014.08.17"]
[Round "2.4"]
[White "Zerweck, Christoph"]
[Black "Wünsch, Ulrich"]
[Result "1-0"]
[WhiteElo "1881"]
[BlackElo "2079"]
[PlyCount "63"]
[EventDate "2014.08.16"]
[WhiteTeam "SV Herrenberg e.V."]
[BlackTeam "USG Chemnitz"]

1. e4  c5 {[%eval 0,0] [%emt 0:00:00]} 2. Nf3 Nc6 3. d4 cxd4 4.
Nxd4 g6 5. c4 Bg7 6. Be3 d6 7. Be2 Nf6 8. Nc3 O-O 9. O-O Bd7 10. Qd2 Ng4 11.
Bxg4 Bxg4 12. f3 Bd7 13. Rad1 Re8 14. Nd5 Ne5 15. b3 Bc6 16. h3 Rc8 17. Bh6 Bh8
18. f4 Nd7 19. f5 Ne5 20. fxg6 hxg6 21. Rf2 Qd7 22. Rdf1 Bg7 23. Bxg7 Kxg7 24.
Qg5 f6 25. Qg3 Kf7 26. Qh4 Rh8 27. Rxf6+ exf6 28. Qxf6+ Kg8 29. Ne7+ Kh7 30.
Ne6 Qxe6 31. Qxe6 Rhd8 32. Rf7+ 1-0

[Event "2. Arberseniorencup 2014"]
[Site "Bayerisch Eisenstein"]
[Date "2014.08.17"]
[Round "2.5"]
[White "Gerl, Hans"]
[Black "Kühnl, Bernd"]
[Result "1/2-1/2"]
[WhiteElo "2046"]
[BlackElo "1821"]
[PlyCount "89"]
[EventDate "2014.08.16"]
[WhiteTeam "SK Zirndorf e.V."]
[BlackTeam "VfL 1990 Gera"]

1. d4 Nf6 2. c4 d6 3. Nf3 g6 4. Nc3 Bg7 5. h3 O-O 6. e4 c5 7. d5 a6 8. Be3 e6
9. Be2 exd5 10. exd5 Re8 11. O-O Nbd7 12. Bf4 Ne5 13. Nxe5 dxe5 14. Bg5 h6 15.
Bh4 g5 16. Bg3 Qd6 17. Bd3 Bd7 18. a4 Bf8 19. Re1 Re7 20. Bc2 Rae8 21. Qd3 Bg7
22. Qf3 Rb8 23. a5 b6 24. axb6 Rxb6 25. Ra2 Qb8 26. b3 Qc8 27. Rxe5 Qe8 28.
Rxe7 Qxe7 29. Ne4 Nxe4 30. Bxe4 Bd4 31. d6 Qf6 32. Qxf6 Bxf6 33. Bc2 Bd4 34.
Bd1 f5 35. Kf1 f4 36. Bh2 Rxd6 37. Bf3 Rb6 38. Bd5+ Kg7 39. Ra3 Kf6 40. Ke2 Bf5
41. g3 fxg3 42. Bxg3 Be5 43. h4 g4 44. Ra5 Bxg3 45. fxg3 1/2-1/2

[Event "2. Arberseniorencup 2014"]
[Site "Bayerisch Eisenstein"]
[Date "2014.08.17"]
[Round "2.6"]
[White "Slacik, Johann"]
[Black "Kiefer, Herbert"]
[Result "0-1"]
[WhiteElo "1864"]
[BlackElo "1872"]
[PlyCount "118"]
[EventDate "2014.08.16"]
[WhiteTeam "ESV Westbahn Linz"]
[BlackTeam "SC Ansbach 1855 e.V."]

1. d4 d5 2. c4 dxc4 3. e3 e6 4. Bxc4 Nf6 5. Nc3 c5 6. Nge2 Be7 7. O-O O-O 8. b3
a6 9. dxc5 Bxc5 10. Ng3 b5 11. Be2 Bb7 12. Bf3 Qc7 13. Bb2 Nbd7 14. Rc1 Bxf3
15. Qxf3 Qa7 16. Nce4 Be7 17. Rc6 Rfc8 18. Rfc1 Rxc6 19. Rxc6 Rd8 20. Qe2 Qb7
21. Qc2 Nd5 22. a3 Nb8 23. Rc3 Nxc3 24. Bxc3 Qd5 25. Qb2 Qd1+ 26. Nf1 Bf8 27.
g3 Rc8 28. Kg2 Qd5 29. f3 f5 30. Ng5 h6 31. Nh3 Qc6 32. Bd2 Nd7 33. Nf4 e5 34.
Ne2 g6 35. Bc3 e4 36. f4 Nf6 37. Kf2 Nd5 38. Bd2 b4 39. Nd4 Qb6 40. axb4 Nxb4
41. Bxb4 Bxb4 42. Kg2 Bc3 43. Qa2 Kh7 44. Nd2 Bb4 45. Qa4 Rd8 46. Nc4 Qb7 47.
Nc6 Qxc6 48. Qxb4 Qc8 49. Qb6 Rg8 50. Qd6 Rg7 51. Qe5 Qc7 52. Qd4 Qa7 53. Qd6
Qb7 54. Nb6 Qc7 55. Qe6 Qc2+ 56. Kh3 Qd1 57. Kg2 Qe2+ 58. Kg1 Qxe3+ 59. Kf1
Qf3+ 0-1

[Event "2. Arberseniorencup 2014"]
[Site "Bayerisch Eisenstein"]
[Date "2014.08.17"]
[Round "2.7"]
[White "Tomanek, Rafael"]
[Black "Gervinskas-Wagner, Vidmant"]
[Result "1/2-1/2"]
[WhiteElo "1946"]
[BlackElo "1896"]
[PlyCount "59"]
[EventDate "2014.08.16"]
[WhiteTeam "SK Doprastav Bratislava"]
[BlackTeam "SK Freising"]

1. d4  d5 2. Nf3 Nf6 3. c4 c6 4. Nc3 e6 5. Bg5 Be7 6. e3 O-O 7.
Bd3 Nbd7 8. O-O dxc4 9. Bxc4 Nd5 10. Bxe7 Qxe7 11. e4 Nxc3 12. bxc3 e5 13. Re1
exd4 14. cxd4 Nb6 15. Bb3 Bg4 16. Qd3 Rad8 17. Rad1 a5 18. h3 Bh5 19. g4 Bg6
20. Ne5 a4 21. Nxg6 hxg6 22. Qc2 Rfe8 23. Rb1 Qc7 24. Qc3 Nd7 25. Bxa4 Nf6 26.
Bc2 Re7 27. Rbd1 Rde8 28. e5 Nd5 29. Kg2 Rd7 30. Qb3 1/2-1/2

[Event "2. Arberseniorencup 2014"]
[Site "Bayerisch Eisenstein"]
[Date "2014.08.17"]
[Round "2.8"]
[White "Sagner, Günter"]
[Black "Klimpel, Siegfried"]
[Result "0-1"]
[WhiteElo "1688"]
[BlackElo "1868"]
[PlyCount "66"]
[EventDate "2014.08.16"]
[WhiteTeam "SC Bw Regen/Zwiesel e.V."]
[BlackTeam "TSV Kareth-Lappersdorf"]

1. d4 Nf6 2. c4 e5 3. dxe5 Ng4 4. Nf3 Nc6 5. Bf4 Bb4+ 6. Nbd2 Qe7 7. a3 Ngxe5
8. Nxe5 Nxe5 9. e3 Bxd2+ 10. Qxd2 d6 11. Be2 Bd7 12. O-O O-O 13. b4 Rad8 14. b5
Be6 15. Qc3 Qf6 16. Rac1 b6 17. Bg3 Rfe8 18. h3 Bc8 19. f4 Nd7 20. Qxf6 Nxf6
21. Bf2 Ne4 22. Rfd1 Re7 23. Bh4 f6 24. g4 Rde8 25. Bf3 h6 26. Bxe4 Rxe4 27.
Bf2 h5 28. gxh5 Bxh3 29. Kh2 Bg4 30. Rd5 Kh7 31. Rc2 Be6 32. Rd4 Bf7 33. Kh3
Bxh5 0-1

[Event "2. Arberseniorencup 2014"]
[Site "Bayerisch Eisenstein"]
[Date "2014.08.17"]
[Round "2.9"]
[White "Scheuerlein, Gerhard"]
[Black "Selig, Rainer"]
[Result "0-1"]
[WhiteElo "1813"]
[BlackElo "2070"]
[PlyCount "78"]
[EventDate "2014.08.16"]
[WhiteTeam "SK Schwabach 1907 e.V."]
[BlackTeam "Spielver. Ebersbach/SA."]

1. d4  d5 2. c4 dxc4 3. Na3 e5 4. d5 Bb4+ 5. Bd2 Bxa3 6. bxa3
Qxd5 7. Qc2 b5 8. a4 a6 9. e4 Qc5 10. a3 Nc6 11. Nf3 Nf6 12. Be2 Nd4 13. Nxd4
exd4 14. Bf3 Qe5 15. Rb1 O-O 16. O-O c3 17. Bc1 Be6 18. g3 Rad8 19. Bf4 Qc5 20.
Rfc1 Rfe8 21. axb5 axb5 22. Be2 Bc4 23. Bxc4 Qxc4 24. Rb4 Qc5 25. Qd3 c6 26. f3
Qa7 27. Kg2 Nh5 28. Rd1 Nxf4+ 29. gxf4 c5 30. Rxb5 Qxa3 31. Qc4 Re6 32. f5 Rc6
33. Rb7 Rf8 34. Qd5 c2 35. Rxf7 Rxf7 36. Qd8+ Rf8 37. Qd5+ Kh8 38. Rg1 Rcf6 39.
Qc4 Rg6+ 0-1

[Event "2. Arberseniorencup 2014"]
[Site "Bayerisch Eisenstein"]
[Date "2014.08.17"]
[Round "2.10"]
[White "Svoboda, Jaroslav"]
[Black "Titz, Herbert"]
[Result "0-1"]
[WhiteElo "1599"]
[BlackElo "1987"]
[PlyCount "74"]
[EventDate "2014.08.16"]
[BlackTeam "Austria Wien"]

1. c4 Nf6 2. Nc3 g6 3. d4 Bg7 4. e4 d6 5. f4 O-O 6. Nf3 Bg4 7. h3 Bxf3 8. Qxf3
e5 9. fxe5 dxe5 10. d5 Nh5 11. g4 Qh4+ 12. Qf2 Qxf2+ 13. Kxf2 Nf6 14. Bd3 Nbd7
15. b4 a5 16. b5 Nc5 17. Bc2 Nfd7 18. Kg2 Rfd8 19. Be3 Bf8 20. Raf1 Nb6 21.
Bxc5 Bxc5 22. Na4 Nd7 23. h4 Bd4 24. h5 b6 25. Rf3 Re8 26. Rfh3 Re7 27. Bd1 Nf6
28. Bf3 gxh5 29. g5 Ne8 30. Rxh5 f6 31. gxf6 Nxf6 32. Rf5 Rg7+ 33. Kf1 Rf8 34.
Ke2 Ne8 35. Rhh5 Nd6 36. Rxf8+ Kxf8 37. Rh6 Nxc4 0-1

[Event "2. Arberseniorencup 2014"]
[Site "Bayerisch Eisenstein"]
[Date "2014.08.17"]
[Round "2.11"]
[White "Hedzic, Omer"]
[Black "Riedl, Maximilian"]
[Result "0-1"]
[WhiteElo "1622"]
[BlackElo "2005"]
[PlyCount "96"]
[EventDate "2014.08.16"]
[WhiteTeam "SC Bw Regen/Zwiesel e.V."]
[BlackTeam "SC Furth im W./Waldmünch"]

1. e4 c5 2. c4 Nc6 3. Nf3 Nf6 4. Nc3 g6 5. d4 cxd4 6. Nxd4 Bg7 7. Nxc6 bxc6 8.
Bd3 O-O 9. f3 d6 10. Bd2 Nd7 11. Rb1 Ne5 12. Be2 Ba6 13. b3 f5 14. O-O fxe4 15.
Nxe4 Qb6+ 16. Kh1 Bc8 17. Qc2 Bf5 18. Rbe1 d5 19. c5 Qd8 20. g4 Nxg4 21. Qc1
Ne5 22. Ng3 Nd3 23. Bxd3 Bxd3 24. Rf2 e5 25. Bg5 Qd7 26. Qd2 Bf5 27. Bh6 Rae8
28. b4 Bxh6 29. Qxh6 e4 30. f4 e3 31. Rfe2 d4 32. Nxf5 Rxf5 33. Qh3 Qd5+ 34.
Kg1 Rxf4 35. Qg3 Ref8 36. h3 R8f5 37. Rg2 Rf2 38. Re2 Rf1+ 39. Kh2 Qe5 40. h4
R1f3 41. Qxe5 Rxe5 42. Rg5 Rxg5 43. hxg5 d3 44. Re1 d2 45. Ra1 e2 46. Kg2 d1=Q
47. Kxf3 Qxa1 48. Kxe2 Qxa2+ 0-1

[Event "2. Arberseniorencup 2014"]
[Site "Bayerisch Eisenstein"]
[Date "2014.08.17"]
[Round "2.12"]
[White "Mosler, Ernst"]
[Black "Tveten, Per"]
[Result "1/2-1/2"]
[WhiteElo "1693"]
[BlackElo "1578"]
[PlyCount "37"]
[EventDate "2014.08.16"]
[WhiteTeam "SV Wettstetten e.V."]

1. e4 e5 2. Nf3 Nc6 3. Bc4 Bc5 4. d3 h6 5. c3 Nf6 6. O-O O-O 7. b4 Bd6 8. Re1
a6 9. d4 b5 10. Bb3 Re8 11. Nbd2 exd4 12. cxd4 Bxb4 13. e5 Nh7 14. Bd5 Rb8 15.
Qb3 Re7 16. Bxc6 Bxd2 17. Bxd2 dxc6 18. Qc3 Qd5 19. a3 1/2-1/2

[Event "2. Arberseniorencup 2014"]
[Site "Bayerisch Eisenstein"]
[Date "2014.08.17"]
[Round "2.13"]
[White "Glatz, Volker"]
[Black "Reichert, Rudolf"]
[Result "1-0"]
[WhiteElo "1196"]
[BlackElo "1845"]
[PlyCount "49"]
[EventDate "2014.08.16"]
[WhiteTeam "SC Bw Regen/Zwiesel e.V."]

1. c4 e5 2. Nc3 c5 3. g3 d6 4. Bg2 Nf6 5. e3 a6 6. Nge2 Ra7 7. O-O Bg4 8. f3
Be6 9. b3 Nc6 10. Bb2 Nb4 11. d3 Qd7 12. a3 Nc6 13. d4 cxd4 14. exd4 exd4 15.
Nxd4 Ne5 16. Nxe6 fxe6 17. Qd4 Nc6 18. Qe3 Be7 19. Bh3 b6 20. Bxe6 Qc7 21. Rae1
Ne5 22. Nd5 Qc5 23. Bd4 Nxd5 24. Bxd5 Qc7 25. Bxb6 1-0